A los senores prestamistas : impuestos (Registro nro. 271101)

Detalles MARC
001 - NÚMERO DE CONTROL
campo de control 790106
005 - FECHA Y HORA DE LA ÚLTIMA TRANSACCIÓN
campo de control 20260506095537.0
007 - CAMPO FIJO DE DESCRIPCIÓN FÍSICA--INFORMACIÓN GENERAL
campo de control de longitud fija td
008 - DATOS DE LONGITUD FIJA--INFORMACIÓN GENERAL
campo de control de longitud fija 021207uuuuuuuuu spa
035 ## - NÚMERO DE CONTROL DEL SISTEMA
Número de control de sistema 790106
040 ## - FUENTE DE LA CATALOGACIÓN
Centro/agencia transcriptor comduadb
041 ## - CÓDIGO DE LENGUA
Código de lengua del texto/banda sonora o título independiente spa
080 ## - NÚMERO DE LA CLASIFICACIÓN DECIMAL UNIVERSAL
Número de la Clasificación Decimal Universal HS
100 10 - ENTRADA PRINCIPAL--NOMBRE DE PERSONA
Nombre de persona Villa, Vicente B.
Código de función aut
Término indicativo de función/relación Autor/a
9 (RLIN) 359274
245 10 - MENCIÓN DE TÍTULO
Título A los senores prestamistas : impuestos
260 ## - PUBLICACIÓN, DISTRIBUCIÓN, ETC.
Lugar de publicación, distribución, etc. Medellín :
Nombre del editor, distribuidor, etc. Imprenta de la Sociedad,
Fecha de publicación, distribución, etc. 1862.
520 3# - SUMARIO, ETC.
Sumario, etc. Se ha comisionado a varios ciudadanos de Medellin, la distribucion entre los vecinos mas pudientes, de la contribucion forzosa de $65.000; los comisionados explican como seran los aportes y cuales seran los intereses que recibiran. Esta contribucion es necesaria para ayudar a equipar al ejercito.
650 ## - PUNTO DE ACCESO ADICIONAL DE MATERIA--TÉRMINO DE MATERIA
Término de materia o nombre geográfico como elemento de entrada Impuestos - Antioquia
9 (RLIN) 34787
650 ## - PUNTO DE ACCESO ADICIONAL DE MATERIA--TÉRMINO DE MATERIA
Término de materia o nombre geográfico como elemento de entrada Antioquia - Guerra civil, 1862
9 (RLIN) 84275
700 10 - ENTRADA AGREGADA--NOMBRE PERSONAL
Nombre de persona Vasquez, Julian
Código de función aut
Término indicativo de función/relación Autor/a
9 (RLIN) 517847
700 10 - ENTRADA AGREGADA--NOMBRE PERSONAL
Nombre de persona Corral, Manuel D.
Código de función aut
Término indicativo de función/relación Autor/a
9 (RLIN) 367565
700 10 - ENTRADA AGREGADA--NOMBRE PERSONAL
Nombre de persona Restrepo, Marcelino
Código de función aut
Término indicativo de función/relación Autor/a
9 (RLIN) 517465
700 10 - ENTRADA AGREGADA--NOMBRE PERSONAL
Nombre de persona Santamaria U., Alejo
Código de función aut
Término indicativo de función/relación Autor/a
9 (RLIN) 328107
700 10 - ENTRADA AGREGADA--NOMBRE PERSONAL
Nombre de persona Alvarez, Francisco A.
Código de función aut
Término indicativo de función/relación Autor/a
9 (RLIN) 523886
700 10 - ENTRADA AGREGADA--NOMBRE PERSONAL
Nombre de persona Uribe, Juan
Código de función aut
Término indicativo de función/relación Autor/a
700 10 - ENTRADA AGREGADA--NOMBRE PERSONAL
Nombre de persona Echeverri, Gabriel
Código de función aut
Término indicativo de función/relación Autor/a
9 (RLIN) 341251
942 ## - ELEMENTOS DE ENTRADA AGREGADA (KOHA)
Tipo de ítem Koha Libros
Existencias
Estado de retiro Estado de pérdida Estado dañado No para préstamo Código de colección Localización permanente Ubicación/localización actual Fecha de adquisición Número de inventario Total de préstamos Signatura topográfica completa Fecha visto por última vez Número de copia Precio válido a partir de Tipo de ítem Koha
        Colección de Periódicos - Piso 4 Biblioteca Carlos Gaviria Díaz, Campus Medellín Biblioteca Carlos Gaviria Díaz, Campus Medellín 07/12/2002 C766108   HS5 D239 F252 24/04/2023 1 24/04/2023 Recorte de Prensa - Periódico